MLB Teams by AAA affiliate - Statistics

General Stats
  • This quiz has been taken 914 times
  • The average score is 15 of 30
Answer Stats
Minor League Team MLB Franchise % Correct
Pawtucket Red Sox Boston Red Sox
92%
Iowa Cubs Chicago Cubs
84%
Oklahoma City Dodgers Los Angeles Dodgers
73%
Memphis Redbirds St. Louis Cardinals
62%
Gwinnett Stripers Atlanta Braves
61%
Scranton/Wilkes-Barre Railriders New York Yankees
60%
Norfolk Tides Baltimore Orioles
57%
Buffalo Bisons Toronto Blue Jays
57%
Tacoma Rainiers Seattle Mariners
55%
Durham Bulls Tampa Bay Rays
54%
Columbus Clippers Cleveland Indians
51%
Louisville Bats Cincinnati Reds
50%
Lehigh Valley IronPigs Philadelphia Phillies
50%
Round Rock Express Texas Rangers
50%
Charlotte Knights Chicago White Sox
48%
Toledo Mud Hens Detroit Tigers
48%
Sacramento River Cats San Francisco Giants
48%
Omaha Storm Chasers Kansas City Royals
47%
Salt Lake Bees Los Angeles Angels of Anaheim
47%
Albuquerque Isotopes Colorado Rockies
45%
El Paso Chihuahuas San Diego Padres
43%
Las Vegas 51s New York Mets
42%
New Orleans Baby Cakes Miami Marlins
39%
Nashville Sounds Oakland A's
39%
Reno Aces Arizona Diamondbacks
38%
Fresno Grizzlies Houston Astros
37%
Indianapolis Indians Pittsburgh Pirates
37%
Rochester Red Wings Minnesota Twins
36%
Syracuse Chiefs Washington Nationals
35%
Colorado Springs Sky Sox Milwaukee Brewers
27%
No matching quizzes found
Score Distribution
Percent of People with Each Score
Percentile by Number Answered
Your Score History
You have not taken this quiz